| 000 | 00659cam a2200145 4500500 | ||
|---|---|---|---|
| 005 | 20260208020458.0 | ||
| 041 | _afre | ||
| 042 | _adc | ||
| 100 | 1 | 0 |
_aGabaude, Jean-Marc _eauthor |
| 245 | 0 | 0 | _aTobie Nathan, Nous ne sommes pas seuls au monde, préface d’Isabelle Stengers, Le laboratoire de l’ethnopsychiatrie, Paris, Le Seuil - Les Empêcheurs de penser en rond, 2001, 320 p., 16,77 E. |
| 260 | _c2004. | ||
| 500 | _a43 | ||
| 786 | 0 | _nRevue philosophique de la France et de l'étranger | 129 | 1 | 2004-03-01 | p. 77zi-138zi | 0035-3833 | |
| 856 | 4 | 1 | _uhttps://shs.cairn.info/revue-philosophique-2004-1-page-77zi?lang=fr&redirect-ssocas=7080 |
| 999 |
_c1660933 _d1660933 |
||